Statistiques concernant Nommez un Mot de Quatre Lettres Valide A-Z

Cliquez ici pour prendre le quiz!

Statistiques générales

  • Ce quiz a été pris 51 679 fois
  • Le résultat moyen est 16 sur 25

Statistiques - réponses

# PossibleMots% Correct
C178ceci, chez, cube...
93%
B171beau, bien, bleu...
92%
D134dans, deux, dire...
90%
A166afin, aide, avec...
86%
F137faux, fils, fort...
86%
M164mais, mère, midi...
82%
G114gare, golf, gros...
80%
L136lait, lire, long...
80%
J54joli, jour, juge...
77%
P194père, plus, pour...
77%
E80égal, être, euro...
74%
N92neuf, nous, nuit...
74%
H80haut, hier, huit...
67%
R150rêve, rire, rose...
66%
I56idée, iode, ivre...
64%
S192sans, sept, sien...
63%
T165tant, tête, tous...
62%
O92œil, onze, ours...
56%
V85vert, vite, vous...
54%
K67képi, kilo, kiwi...
47%
Q10quel, quiz, quoi...
44%
Z31zéro, zinc, zone...
33%
U32unie, urne, user...
30%
Y25yack, yeux, yoga...
28%
W18watt, wifi, wrap...
12%

Distribution des résultats

Percentile par nombre de réponses

% des personnes avec chaque résultat

Votre développement - résultats

Vous n’avez pas pris ce quiz